Meždunarodnyje otnošenija i mirovaja politika učebnik dlja bakalabriata i magistratury

Gespeichert in:
Bibliographische Detailangaben
Körperschaft: Moskovskij Gosudarstvennyj Universitet im. M.V. Lomonosova
Format: Buch
Sprache:Russisch
Veröffentlicht: Moskva Jurajt 2015
Schriftenreihe:Bakalavr i magistr akademičeskij kurs
Schlagworte:
Tags: Tag hinzufügen
Keine Tags, Fügen Sie das erste Tag hinzu!

MARC

LEADER 00000nam a2200000 4500
001 0208387
005 20240805075026.9
020 |a 978-5-9916-4575-1 
041 0 |a rus 
044 |a RU 
245 1 0 |a Meždunarodnyje otnošenija i mirovaja politika  |b učebnik dlja bakalabriata i magistratury  |c pod redakcijej P. A. Cygankova 
264 1 |a Moskva  |b Jurajt  |c 2015 
300 |a 289 s. 
490 1 |a Bakalavr i magistr akademičeskij kurs 
830 0 |a Bakalavr i magistr akademičeskij kurs 
610 2 0 |a vzťahy medzinárodné 
610 2 0 |a vzťahy hospodárske medzinárodné 
610 2 0 |a politika svetová 
610 2 0 |a Európska únia 
610 2 0 |a Rusko 
610 2 0 |a islam 
610 2 0 |a ekológia 
610 2 0 |a energetika 
610 2 0 |a politika sociálna 
610 2 0 |a humanizmus 
710 2 |a Moskovskij Gosudarstvennyj Universitet im. M.V. Lomonosova